000 00816cam a22001934a 4500
005 20250605164051.0
008 250528s ||||||||||||||||||||||||d
035 _a17299
020 _a415071577
040 _aGR-AtMCL
_bgre
_dGR-AtMCL
_eAACR2
245 1 _aTourism / Politics and Public Sector Management
260 _bRouledge,
_c1997
300 _a282
520 _aPreface, Acknowledgements, Introduction, Why Tourism?, Public Sector Management and Tourism, Management from the Centre: Formulation, Management from the Centre: Implementation, Management at the Local Level, Public Management and the Private Sector, Management of Tourism Control, Conclusions...and the Future?, Bibliography, Index, Authors Cited.
700 1 _aElliott James
_93456
942 _cBK
999 _c2727
_d2727